BUSINESS MATHEMATICS & STATISTICS (Record no. 9399)
[ view plain ]
| 000 -LEADER | |
|---|---|
| fixed length control field | 00387nam a22001577a 4500 |
| 003 - CONTROL NUMBER IDENTIFIER | |
| control field | SGT |
| 020 ## - INTERNATIONAL STANDARD BOOK NUMBER | |
| International Standard Book Number | 9789350713761 |
| 082 ## - DEWEY DECIMAL CLASSIFICATION NUMBER | |
| Classification number | 510,ARO |
| 100 ## - MAIN ENTRY--PERSONAL NAME | |
| Personal name | ARORA S. R. |
| 245 ## - TITLE STATEMENT | |
| Title | BUSINESS MATHEMATICS & STATISTICS |
| 260 ## - PUBLICATION, DISTRIBUTION, ETC. (IMPRINT) | |
| Place of publication, distribution, etc | NEW DELHI |
| Name of publisher, distributor, etc | TAXMANN |
| Year of Publication | 2014 |
| 300 ## - PAGE DESCRIPTION | |
| No. of Pages | 774 |
| 650 ## - SUBJECT ADDED ENTRY--TOPICAL TERM | |
| Topical term or geographic name as entry element | MATHEMATICS |
| 653 ## - KEYWORDS--INDEX TERM | |
| Keyword term | MATRICES, CALCULUS, MATHEMATICS OF FINANCE,TABLES |
| 942 ## - ADDED ENTRY ELEMENTS (KOHA) | |
| Source of classification or shelving scheme | Dewey Decimal Classification |
| Koha item type | FCM Books |
| 942 ## - ADDED ENTRY ELEMENTS (KOHA) | |
| -- | 3 |
| Withdrawn status | Lost status | Source of classification or shelving scheme | Damaged status | Not for loan | Collection code | Home library | Current library | Shelving location | Date acquired | Vendor Name | Cost, normal purchase price | SGTU | Bill Number | Full call number | Accession No. (Barcode) | Date last seen | Bill Date | Koha item type | Total Checkouts | Total Renewals | Date last borrowed |
|---|---|---|---|---|---|---|---|---|---|---|---|---|---|---|---|---|---|---|---|---|---|
| Dewey Decimal Classification | Not For Loan | COMMERCE MANAGEMENT | SGT Science & Social Sciences Library | SGT Science & Social Sciences Library | Reference Book | 01/07/2016 | KIRTI PARKASHAN | 450.00 | SGTU | 2365 | 510,ARO | CM646 | 01/07/2016 | 15/03/2016 | FCM Books | ||||||
| Dewey Decimal Classification | COMMERCE MANAGEMENT | SGT Science & Social Sciences Library | SGT Science & Social Sciences Library | Text Book | 01/07/2016 | KIRTI PARKASHAN | 450.00 | SGTU | 2365 | 510,ARO | CM647 | 18/12/2020 | 15/03/2016 | FCM Books | 18 | 2 | 11/03/2020 | ||||
| Dewey Decimal Classification | COMMERCE MANAGEMENT | SGT Science & Social Sciences Library | SGT Science & Social Sciences Library | Text Book | 01/07/2016 | KIRTI PARKASHAN | 450.00 | SGTU | 2365 | 510,ARO | CM648 | 17/01/2023 | 15/03/2016 | FCM Books | 17 | 1 | 09/01/2023 |